000 00228nam a22000857a 4500
008 170605b xxu||||| |||| 00| 0 eng d
100 _93275
_aBhanot. R
245 _aBonanze of fairy tales
260 _aNew Delhi
_bArora Publication
_c2005
999 _c6593
_d6593